Sorgum halepense elleni védekezés vetőmagkukorica előállításban
Elmentve itt :
| Szerző: | |
|---|---|
| További közreműködők: | |
| Dokumentumtípus: | Szakdolgozat |
| Megjelent: |
1992
|
| Kulcsszavak: | Kukoricatermelés Vetőmagkukorica Sorgum halepense |
| Tárgyszavak: | |
| Online Access: | http://diploma.bibl.u-szeged.hu/99745 |
| LEADER | 00762nta a2200229 i 4500 | ||
|---|---|---|---|
| 001 | dipl99745 | ||
| 005 | 20211220095025.0 | ||
| 008 | 211206s1992 hu om 0|| hun d | ||
| 040 | |a SZTE Diploma Repozitórium |b hun | ||
| 041 | |a hun | ||
| 100 | 1 | |a Csikós János | |
| 245 | 1 | 0 | |a Sorgum halepense elleni védekezés vetőmagkukorica előállításban |h [elektronikus dokumentum] / |c János Csikós |
| 260 | |c 1992 | ||
| 300 | |a 42 | ||
| 650 | 4 | |a Agrár | |
| 650 | 4 | |a Agricultural sciences | |
| 650 | 4 | |a Animal and Dairy science | |
| 695 | |a Kukoricatermelés | ||
| 695 | |a Vetőmagkukorica | ||
| 695 | |a Sorgum halepense | ||
| 700 | 2 | |a Gazdagné dr. Torma Mária |e ths | |
| 856 | 4 | 0 | |u http://diploma.bibl.u-szeged.hu/id/eprint/99745/1/1992_csikos_janos.pdf |z Dokumentum-elérés |